Memoria y balance : aprobados en la Junta General ordinaria de señoras Accionistas, celebrada el 17 de Abril de 1942 : ejercicios 1936 a 1941 / Banco Urquijo Catalán aprobados en la Junta General ordinaria de señoras Accionistas, celebrada el 17 de Abril de 1942 :
Descripción Física:
[12] p. : quadres ; 25 cm
Materias:
Banco Urquijo Catalán
MARC
| LEADER | 00000nam a2200000Ia 4500 | ||
|---|---|---|---|
| 001 | 18701 | ||
| 008 | 160829s9999 xx 000 0 cat d | ||
| 080 | |a FU-33-40 | ||
| 110 | 2 | |a Banco Urquijo Catalán |9 55568 | |
| 245 | |a Memoria y balance : |b aprobados en la Junta General ordinaria de señoras Accionistas, celebrada el 17 de Abril de 1942 : |b ejercicios 1936 a 1941 / Banco Urquijo Catalán | ||
| 260 | |a [Barcelona] : |b Gráficas Vior, [1942] | ||
| 300 | |a [12] p. : |b quadres ; |c 25 cm | ||
| 590 | |a Prové de 4484, exp. 6 | ||
| 650 | |a Banco Urquijo Catalán | ||
| 901 | |a Arxiu | ||
| 942 | |n 1 | ||
| 952 | |0 0 |1 0 |4 0 |6 FU3340 |7 1 |9 48389 |a Arxiu |b Arxiu |d 2016-12-01 |l 0 |o FU-33-40 |p 18701 |r 2016-12-01 00:00:00 |w 2016-12-01 |y ARXIU | ||
| 999 | |c 52217 |d 52217 | ||